| 000 | 00515nam a22001695i 4500 | ||
|---|---|---|---|
| 001 | 48158 | ||
| 003 | ES-MaACL | ||
| 005 | 20230906161714.0 | ||
| 007 | t| | ||
| 008 | 950707m18791884fr ||||1| fre d | ||
| 040 |
_aCAM _bspa _cCAM |
||
| 245 | 0 | 0 |
_aChansonnier historique du XVIII siècle / _cpublié avec introduction, commentaire, notes et index par Emile Raunie. |
| 260 |
_aParis : _bA. Quantin, _c1879-1884. |
||
| 300 |
_a10 v. ; _c18 cm. |
||
| 700 | 1 |
_aRaunie, Emile. _995552 |
|
| 852 |
_aES-MaACL _jC-19374-83 |
||
| 999 |
_c48158 _d48158 |
||